| 000 | 00509nam a22001577a 4500 | ||
|---|---|---|---|
| 003 | macl | ||
| 005 | 20201213153445.0 | ||
| 008 | 201213b xxu||||| |||| 00| 0 eng d | ||
| 040 | _cmacl | ||
| 082 | _a398 | ||
| 100 |
_aमीणा ,हरि राम _980786 |
||
| 245 | _aआदिवासी लोक की यात्राऍ | ||
| 260 |
_aदिल्ली _bभारतीय ज्ञानपीठ _c2016 |
||
| 650 |
_aलोक साहित्य _949621 |
||
| 942 |
_2ddc _cHIN |
||
| 999 |
_c64034 _d64034 |
||